000 00676nam a2200169 i 4500
001 125353
003 ES-MaACL
005 20230906192618.0
007 t|
008 070605s1907 ve ||||1| spa d
245 0 0 _aDivisión político-territorial de la república
_b: (revisada y corregida con vista de las Leyes vigentes sobre la materia hasta 31 de diciembre de 1906).
260 _aCaracas :
_bEmpresa El Cojo,
_c1907.
300 _a62 p. ;
_c24 cm.
500 _aPrecede al tít.: Estados Unidos de Venezuela, Ministerio de Fomento, Dirección de Estadística e Inmigración.
710 1 _aVenezuela.
_bMinisterio de Fomento.
_97548
852 _aES-MaACL
_jT-1185-F-5
999 _c125353
_d125353